000 00496nam a22001937a 4500
003 koha_MIRAKIL
005 20231213095921.0
008 231213b |||||||| |||| 00| 0 ||| d
020 _b978-9-75610786-7
040 _aTR-IsEVY
_btur
_cTR-IsEVY
082 _a813.42 SEV/B
100 _aSevinçgül, Ömer.
245 0 _aBir gizli hazine idim...
260 _bCarpe Diem Kitap,
_c2011
300 _a190 s.
650 _aKoran stories.
650 _aKur’an hikayeleri.
942 _2ddc
_cBK
999 _c11540
_d11540